[Event "Let's Play Chess!"]
[Site "http://www.queenalice.com/game.php?id=820846"]
[Date "2010.8.20"]
[Round "-"]
[White "amarkin"]
[Black "BogusBogart"]
[Result "1-0"]
[WhiteElo "2328"]
[BlackElo "2132"]

1. e4 c6 2. d4 d5 3. Nc3 dxe4 4. Nxe4 Nd7 5. Nf3 Ngf6 6. Ng3 e6 7. Bd3 c5 8. O-O
cxd4 9. Nxd4 Bc5 10. Nb3 Bb6 11. Bf4 O-O 12. Qf3 Nd5 13. Bd6 Re8 14. c4 N7f6 15.
Be5 Nd7 16. Bxg7 Kxg7 17. Nh5+ Kf8 18. cxd5 Ne5 19. Qg3 Qxd5 20. Qg7+ Ke7 21.
Qf6+ Kf8 22. Bxh7 Bd7 23. Nf4 Qb5 24. Ng6+ 1-0

[Event "Let's Play Chess!"]
[Site "http://www.queenalice.com/game.php?id=822444"]
[Date "2010.8.25"]
[Round "-"]
[White "BogusBogart"]
[Black "SacrificioDeRei"]
[Result "1-0"]
[WhiteElo "2111"]
[BlackElo "2031"]

1. d4 d5 2. Nf3 Nf6 3. e3 e6 4. Bd3 Bd6 5. b3 O-O 6. Bb2 Nc6 7. a3 Re8 8. Ne5
Nd7 9. f4 Ndxe5 10. fxe5 Be7 11. O-O f5 12. exf6 Bxf6 13. Qh5 h6 14. Nc3 e5 15.
Rxf6 gxf6 16. Qg6+ Kf8 17. Qxh6+ Ke7 18. Qh7+ Kf8 19. Bg6 Be6 20. Bc1 Re7 21.
Qh8+ Bg8 22. e4 Rg7 23. Bh6 Qd7 24. Rf1 1-0

[Event "Let's Play Chess!"]
[Site "http://www.queenalice.com/game.php?id=823594"]
[Date "2010.8.27"]
[Round "-"]
[White "BogusBogart"]
[Black "AFA1961"]
[Result "0-1"]
[WhiteElo "2145"]
[BlackElo "2222"]

1. d4 Nf6 2. Nf3 e6 3. e3 c5 4. Bd3 d5 5. b3 Be7 6. O-O Nc6 7. Nbd2 O-O 8. a3 b6
9. Bb2 Bb7 10. Re1 Qc7 11. e4 dxe4 12. Nxe4 Nxd4 13. Nxd4 cxd4 14. Bxd4 Bxe4 15.
Bxe4 Rad8 16. Bf3 Bc5 17. c3 Bxd4 18. cxd4 Qf4 19. Qc2 Rxd4 20. Rad1 Rdd8 21.
Qc6 Rc8 22. Qb7 Rc2 23. h3 Qc7 24. Qa6 g6 25. Qb5 Rd8 26. Qg5 Kg7 27. Rxd8 Qxd8
28. Qe5 Qd2 29. Qe3 Qc3 30. Kf1 Qb2 31. Bd1 Nd5 32. Qg3 Rc1 33. a4 Qd4 0-1

[Event "Let's Play Chess!"]
[Site "http://www.queenalice.com/game.php?id=823595"]
[Date "2010.8.27"]
[Round "-"]
[White "AFA1961"]
[Black "BogusBogart"]
[Result "1-0"]
[WhiteElo "2248"]
[BlackElo "2119"]

1. e4 c5 2. Nc3 Nc6 3. Nf3 g6 4. Bc4 Bg7 5. O-O d6 6. d3 Nf6 7. h3 O-O 8. Bg5 a6
9. a4 Na5 10. Ba2 Qb6 11. Qd2 Be6 12. Nd5 Bxd5 13. exd5 Qc7 14. b4 cxb4 15. Qxb4
b6 16. Rac1 Qc5 17. Qxc5 bxc5 18. Bd2 Nb7 19. Rfe1 Rfe8 20. Rb1 Nd8 21. Rb6 Nd7
22. Rxd6 1-0

[Event "Challenge #01"]
[Site "http://www.queenalice.com/game.php?id=823619"]
[Date "2010.8.26"]
[Round "-"]
[White "Aylton"]
[Black "BogusBogart"]
[Result "1/2-1/2"]
[WhiteElo "2015"]
[BlackElo "2121"]

1. d4 g6 2. c4 Bg7 3. Nf3 d6 4. h3 Nf6 5. Nc3 O-O 6. e3 b6 7. Be2 c5 8. O-O Bb7
9. a3 cxd4 10. exd4 Nbd7 11. Be3 Rc8 12. b3 d5 13. Nxd5 Nxd5 14. cxd5 Bxd5 15.
b4 Nf6 16. Rc1 Qd6 17. Qd2 Ne4 18. Qb2 a5 19. Rxc8 Rxc8 20. bxa5 bxa5 21. Rc1
Rxc1+ 22. Qxc1 Qc6 23. Qxc6 Bxc6 24. Kf1 Nc3 25. Bd2 Nxe2 26. Kxe2 a4 27. Bc3 e6
28. Ne1 Bf8 29. Bb2 Bd6 30. g3 Kf8 31. f4 Bd5 32. Ke3 Ke7 33. h4 h5 34. Nd3 f6
35. Nc5 Bc6 1/2-1/2

[Event "Challenge #02"]
[Site "http://www.queenalice.com/game.php?id=823620"]
[Date "2010.8.26"]
[Round "-"]
[White "BogusBogart"]
[Black "Aylton"]
[Result "1/2-1/2"]
[WhiteElo "2151"]
[BlackElo "1966"]

1. d4 Nf6 2. Nf3 d5 3. e3 e6 4. Bd3 c5 5. b3 Nc6 6. O-O a6 7. Bb2 cxd4 8. exd4
Be7 9. a3 O-O 10. Nbd2 h6 11. Ne5 Bd7 12. f4 Rc8 13. Qe2 Qb6 14. Ndf3 Rfd8 15.
f5 Nxe5 16. Nxe5 Bf8 17. Rae1 exf5 18. Nxd7 Nxd7 19. Bxf5 Rc6 20. Bd3 Nf6 21.
Qf3 Re6 22. Qf5 Rde8 23. Rxe6 Qxe6 24. h3 Qxf5 25. Bxf5 Bd6 26. Kf2 g6 27. Bd3
Ne4+ 28. Bxe4 Rxe4 29. Rd1 f5 30. Rd3 Kf7 31. Re3 Rxe3 32. Kxe3 g5 33. c4 Ke6
34. c5 Bf4+ 35. Kf3 Bd2 36. b4 h5 37. Ke2 Bf4 38. a4 g4 39. Bc3 Bc7 40. b5 f4
41. Be1 Kf5 42. Kd3 g3 43. b6 Bb8 44. Ke2 Ke4 45. Bc3 h4 46. a5 Kf5 47. Kf3
1/2-1/2

[Event "Let's Play Chess!"]
[Site "http://www.queenalice.com/game.php?id=826516"]
[Date "2010.9.2"]
[Round "-"]
[White "BogusBogart"]
[Black "Greeley"]
[Result "1/2-1/2"]
[WhiteElo "2196"]
[BlackElo "2062"]

1. d4 Nf6 2. Nf3 e6 3. e3 b6 4. Bd3 Bb7 5. O-O Be7 6. c4 O-O 7. Nc3 d5 8. b3 c5
9. Bb2 Nc6 10. Rc1 cxd4 11. exd4 dxc4 12. bxc4 Rc8 13. Ne4 Na5 14. Nxf6+ Bxf6
15. Ne5 Ba6 16. Qe2 Rc7 17. Rfd1 Qc8 18. c5 Bxd3 19. Nxd3 Rd8 20. cxb6 axb6 21.
Ne5 Rd5 22. Rxc7 Qxc7 23. Rc1 Qb7 24. Qc2 h6 25. Qa4 Bxe5 26. dxe5 Qa6 27. g3
Qe2 28. Bc3 Nc4 29. Qe8+ Kh7 30. Qxf7 Nxe5 31. Bxe5 Qxe5 32. Qf3 b5 33. g4 b4
34. h3 Rd2 35. Rc4 Qe2 1/2-1/2

[Event "Let's Play Chess!"]
[Site "http://www.queenalice.com/game.php?id=826517"]
[Date "2010.9.2"]
[Round "-"]
[White "Greeley"]
[Black "BogusBogart"]
[Result "0-1"]
[WhiteElo "2067"]
[BlackElo "2192"]

1. b4 d5 2. Bb2 Nf6 3. Nf3 Bf5 4. e3 e6 5. a3 Nbd7 6. Be2 Bd6 7. O-O O-O 8. c4
c6 9. cxd5 exd5 10. Nc3 a6 11. d3 Bc7 12. Nh4 Be6 13. f4 d4 14. exd4 Nd5 15.
Nxd5 Bxd5 16. g3 Nf6 17. Nf3 Ne8 18. Ne5 Bb6 19. Nc4 Nf6 20. a4 Re8 21. Re1 Ba7
22. b5 Qd7 23. Ne5 Qd6 24. bxa6 bxa6 25. Kf1 Rab8 26. Bc3 Qe6 27. g4 Rb3 28. Qc2
Nd7 29. Reb1 Reb8 30. Rxb3 Bxb3 31. Qd2 Nb6 32. a5 Nd5 33. Bf3 Qh6 34. Bxd5 Bxd5
35. Ke1 f6 36. g5 Qh4+ 37. Qf2 Qxf2+ 38. Kxf2 fxe5 39. fxe5 Rb3 0-1

[Event "Let's Play Chess!"]
[Site "http://www.queenalice.com/game.php?id=828991"]
[Date "2010.9.7"]
[Round "-"]
[White "Henderb"]
[Black "BogusBogart"]
[Result "0-1"]
[WhiteElo "2108"]
[BlackElo "2186"]

1. d4 Nf6 2. c4 g6 3. Nc3 Bg7 4. e4 d6 5. h3 b6 6. Nf3 Bb7 7. Bd3 Nc6 8. O-O e5
9. d5 Ne7 10. b4 a5 11. b5 O-O 12. Nh4 Nd7 13. Be3 Nxd5 14. cxd5 Qxh4 15. Rc1
Nc5 16. Bxc5 dxc5 17. Ne2 f5 18. f3 Bh6 19. Rc4 Be3+ 20. Kh1 Bd4 21. Nxd4 exd4
22. Rc2 Kg7 23. Re2 fxe4 24. fxe4 Rxf1+ 25. Qxf1 Rf8 26. Qe1 Qxe1+ 27. Rxe1 Kf6
28. Rf1+ Ke7 29. Rxf8 Kxf8 30. g3 Ke7 31. Kg2 Kf6 32. Kf3 Ke5 33. a3 Bc8 34. g4
g5 35. Bc4 Bd7 36. Bd3 Be8 37. Bc4 Bg6 38. Bd3 c4 39. Bxc4 Bxe4+ 40. Ke2 Bxd5
41. Bxd5 Kxd5 42. Kd3 Ke5 0-1

[Event "Challenge"]
[Site "http://www.queenalice.com/game.php?id=829249"]
[Date "2010.9.7"]
[Round "-"]
[White "BogusBogart"]
[Black "Henderb"]
[Result "1-0"]
[WhiteElo "2146"]
[BlackElo "2098"]

1. d4 Nf6 2. Nf3 b6 3. e3 Bb7 4. Bd3 g6 5. b3 Bg7 6. Bb2 d6 7. Nbd2 Nbd7 8. c4
e6 9. O-O O-O 10. Qe2 Re8 11. e4 e5 12. dxe5 Ng4 13. Rad1 Ngxe5 14. Bb1 1-0

[Event "AUTO-MASTER-1217"]
[Site "http://www.queenalice.com/game.php?id=829931"]
[Date "2010.9.8"]
[Round "1"]
[White "Artking"]
[Black "BogusBogart"]
[Result "0-1"]
[WhiteElo "1919"]
[BlackElo "2130"]

1. Nf3 d5 2. d4 e6 3. e3 c5 4. c4 Nf6 5. Bd3 cxd4 6. exd4 Nc6 7. c5 b6 8. Bg5
bxc5 9. Bb5 Qa5+ 10. Nc3 Bd7 11. O-O cxd4 12. Bxc6 dxc3 13. Bxd7+ Nxd7 14. bxc3
Nb6 15. Bd2 Nc4 16. Be1 Bd6 17. Nd2 Rc8 18. Nb3 Qa4 19. Nd4 Qxd1 20. Rxd1 Be5
21. Rd3 O-O 22. f4 Bxd4+ 23. cxd4 Rb8 24. Rb3 a5 25. Bc3 a4 26. Rxb8 Rxb8 27.
Kf2 Nd6 28. Kf3 Ne4 29. Ba5 Rb5 30. Rc1 g6 31. Be1 Rb2 32. Ra1 h5 33. h3 Kg7 34.
g4 Rh2 35. h4 hxg4+ 36. Kxg4 f5+ 37. Kf3 Kh6 38. a3 Kh5 39. Rc1 Rh3+ 40. Kg2
Rxa3 41. Rc8 Kg4 42. Rg8 Ra2+ 43. Kg1 Ra1 44. Rxg6+ Kf3 0-1

[Event "AUTO-MASTER-1217"]
[Site "http://www.queenalice.com/game.php?id=829932"]
[Date "2010.9.8"]
[Round "1"]
[White "BogusBogart"]
[Black "Artking"]
[Result "1-0"]
[WhiteElo "2124"]
[BlackElo "1908"]

1. d4 c6 2. Nf3 d5 3. e3 Bg4 4. c4 e6 5. cxd5 cxd5 6. Qa4+ Nd7 7. Ne5 Nf6 8. Bb5
Rc8 9. O-O Bh5 10. Qxa7 Qc7 11. Bd2 Bd6 12. Ba5 Qc2 13. Nxd7 Nxd7 14. Bxd7+ Kxd7
15. Qxb7+ Bc7 16. Nc3 Be2 17. Rfc1 Rb8 18. Qxc7+ 1-0

[Event "AUTO-MASTER-1217"]
[Site "http://www.queenalice.com/game.php?id=829943"]
[Date "2010.9.8"]
[Round "1"]
[White "Xeque"]
[Black "BogusBogart"]
[Result "0-1"]
[WhiteElo "2088"]
[BlackElo "2200"]

1. Nf3 d5 2. g3 Bg4 3. Bg2 Nd7 4. d4 e6 5. O-O Ngf6 6. b3 Bd6 7. Bb2 c6 8. Nbd2
O-O 9. Re1 Qc7 10. e4 dxe4 11. Nxe4 Nxe4 12. Rxe4 Nf6 13. Re1 Qa5 14. h3 Bh5 15.
g4 Bg6 16. Ne5 Rad8 17. Qe2 Bxe5 18. dxe5 Nd5 19. c4 Nf4 20. Qe3 Nd3 21. Re2
Nxb2 22. Rxb2 Rd3 23. Qe2 Rfd8 24. f4 Qc3 25. Re1 Rd2 26. Rxd2 Rxd2 27. Rd1 Qd4+
0-1

[Event "AUTO-MASTER-1217"]
[Site "http://www.queenalice.com/game.php?id=829944"]
[Date "2010.9.8"]
[Round "1"]
[White "BogusBogart"]
[Black "Xeque"]
[Result "0-1"]
[WhiteElo "2209"]
[BlackElo "2106"]

1. d4 Nf6 2. Nf3 d5 3. e3 e6 4. Bd3 Bd6 5. Nbd2 O-O 6. O-O c5 7. b3 Nc6 8. a3 b6
9. Ne5 Nxe5 10. dxe5 Bxe5 11. Rb1 Bb7 12. Nf3 Bd6 13. Bb2 Rc8 14. Qe2 Bb8 15.
Ne5 Ne4 16. f3 Nd6 17. Qf2 f6 18. Qh4 Nf5 19. Bxf5 exf5 20. Nd3 Qe8 21. Rfe1 Qf7
22. c4 dxc4 23. bxc4 Rcd8 24. Nf2 Rd2 25. Bc3 Rc2 26. Rbc1 Rxc1 27. Rxc1 Rd8 28.
Rd1 Rd6 29. Kf1 Qd7 30. Ke2 Ba6 31. Rxd6 Qxd6 32. g3 f4 33. Qxf4 Qxf4 34. gxf4
Bxc4+ 35. Kd2 Kf7 36. h3 Bd5 37. Ke2 Bc7 38. e4 Bc4+ 39. Ke3 Bf1 40. e5 Ke6 41.
Ke4 f5+ 42. Ke3 b5 43. h4 a5 44. Nd3 Bb6 45. Nb2 g6 46. Kf2 b4 47. Kxf1 bxc3 48.
Nd3 c4 49. Nc1 Be3 0-1

[Event "AUTO-MASTER-1217"]
[Site "http://www.queenalice.com/game.php?id=829949"]
[Date "2010.9.8"]
[Round "1"]
[White "ozzyvegeta"]
[Black "BogusBogart"]
[Result "0-1"]
[WhiteElo "2072"]
[BlackElo "2157"]

1. e4 e6 2. d4 d5 3. Nc3 Nf6 4. exd5 exd5 5. Bd3 Bd6 6. Nge2 Bg4 7. O-O O-O 8.
h3 Bh5 9. Bg5 c6 10. Qd2 Nbd7 11. Bf5 Qb6 12. Qd3 Bg6 13. Nf4 Bxf5 14. Qxf5 Qxb2
15. Nce2 Bxf4 16. Qxf4 Qxc2 17. Ng3 Rfe8 18. f3 Qg6 19. Rae1 b5 20. Nf5 Nh5 21.
Qg4 Ndf6 22. Bxf6 Qxf6 23. Qxh5 g6 24. Nh6+ Kg7 25. Qg4 Kxh6 26. Qd7 Red8 27.
Qb7 Qxd4+ 28. Kh1 Qf6 29. Re7 Kg7 30. Rfe1 Rdb8 31. Qd7 Kf8 32. R1e5 Rd8 33. Qb7
Re8 34. a3 Rxe7 35. Rxe7 Qxe7 36. Qxa8+ Qe8 37. Qxa7 Qe1+ 38. Kh2 Qe5+ 39. Kg1
d4 40. Qd7 Qe3+ 41. Kf1 d3 42. Qd6+ Kg7 43. Qxc6 d2 0-1

[Event "AUTO-MASTER-1217"]
[Site "http://www.queenalice.com/game.php?id=829950"]
[Date "2010.9.8"]
[Round "1"]
[White "BogusBogart"]
[Black "ozzyvegeta"]
[Result "1-0"]
[WhiteElo "2135"]
[BlackElo "2091"]

1. d4 d5 2. Nf3 c6 3. e3 e6 4. Bd3 Bd6 5. b3 Nf6 6. Bb2 O-O 7. Nbd2 Nbd7 8. Ne5
Qc7 9. f4 c5 10. O-O cxd4 11. exd4 Ne8 12. Qh5 g6 13. Qh6 Ng7 14. Ndf3 Nf5 15.
Bxf5 exf5 16. Ng5 Nf6 17. c4 Be6 18. c5 Be7 19. Rf3 Rfc8 20. Nxh7 Nxh7 21. Rh3
Bf6 22. Qxh7+ Kf8 23. c6 Qa5 24. cxb7 Qd2 25. Ba3+ 1-0

[Event "Let's Play Chess!"]
[Site "http://www.queenalice.com/game.php?id=833475"]
[Date "2010.9.16"]
[Round "-"]
[White "thewhitebishop"]
[Black "BogusBogart"]
[Result "0-1"]
[WhiteElo "2109"]
[BlackElo "2166"]

1. d4 Nf6 2. c4 e6 3. Nc3 Bb4 4. a3 Bxc3+ 5. bxc3 Ne4 6. Qc2 f5 7. Bf4 c5 8. f3
Nf6 9. e4 fxe4 10. fxe4 Nh5 11. Be3 O-O 12. Nf3 d5 13. e5 cxd4 14. cxd4 Nc6 15.
Ng5 g6 16. g3 Nxd4 17. Bxd4 Qxg5 18. Be2 Bd7 19. c5 Rf7 20. a4 Ng7 21. Ra3 a6
22. Qb2 Bc6 23. Be3 Qe7 24. Qb6 d4 25. Rf1 dxe3 26. Rxe3 Rd8 27. Rf4 Rxf4 28.
gxf4 Rd5 29. Rd3 Qh4+ 30. Kd1 Bxa4+ 31. Kd2 Qxf4+ 32. Kc3 Qxe5+ 33. Kd2 Rxd3+
34. Bxd3 Qd5 35. Qc7 Bb5 0-1

[Event "Challenge"]
[Site "http://www.queenalice.com/game.php?id=833552"]
[Date "2010.9.16"]
[Round "-"]
[White "BogusBogart"]
[Black "thewhitebishop"]
[Result "1-0"]
[WhiteElo "2176"]
[BlackElo "2102"]

1. d4 Nf6 2. Nf3 g6 3. e3 Bg7 4. Bd3 d5 5. Nbd2 O-O 6. b3 Nc6 7. a3 Re8 8. Bb2
Bg4 9. h3 Bxf3 10. Nxf3 e5 11. dxe5 Nd7 12. Bb5 Ncxe5 13. Nxe5 Bxe5 14. Bxe5
Rxe5 15. Qd4 c6 16. Bd3 c5 17. Qf4 a6 18. a4 Qa5+ 19. Ke2 Rae8 20. Rhd1 Qc3 21.
Rac1 Nb6 22. Kf1 c4 23. bxc4 dxc4 24. Be2 Rf5 25. Qh6 Nxa4 26. Rd4 b5 27. g4
Rfe5 28. Bf3 Nb2 29. Rd7 Nd3 30. Rd1 Qxc2 31. Be2 Nc5 32. Rc7 Qe4 33. Kg1 c3 34.
Bf1 b4 35. Rd4 Qb1 36. Qf4 f5 37. Qxe5 Ne6 38. Qxe6+ 1-0

[Event "Let's Play Chess!"]
[Site "http://www.queenalice.com/game.php?id=833557"]
[Date "2010.9.16"]
[Round "-"]
[White "BogusBogart"]
[Black "Thomas_A_Anderson"]
[Result "0-1"]
[WhiteElo "2157"]
[BlackElo "2303"]

1. d4 Nf6 2. Nf3 d5 3. e3 c5 4. b3 Nc6 5. Bb2 cxd4 6. exd4 Bg4 7. Be2 e6 8. Nbd2
Bd6 9. Ne5 Bf5 10. f4 Nb4 11. c3 Nc2+ 0-1

[Event "Let's Play Chess!"]
[Site "http://www.queenalice.com/game.php?id=833558"]
[Date "2010.9.16"]
[Round "-"]
[White "Thomas_A_Anderson"]
[Black "BogusBogart"]
[Result "1-0"]
[WhiteElo "2399"]
[BlackElo "2186"]

1. e4 e6 2. d4 d5 3. Nd2 Be7 4. Bd3 c5 5. dxc5 Nf6 6. Qe2 Nc6 7. Ngf3 Nb4 8. Nb3
Nxd3+ 9. cxd3 a5 10. Bg5 a4 11. Nbd2 dxe4 12. dxe4 Qa5 13. e5 Nd5 14. Bxe7 Nxe7
15. O-O Qxc5 16. Ne4 Qa5 17. Nd6+ Kf8 18. Ng5 1-0